Ambedkar schedule caste and Indian politics (Record no. 1309158)

MARC details
000 -LEADER
fixed length control field 00569nam a22002057a 4500
005 - DATE AND TIME OF LATEST TRANSACTION
control field 20250529145513.0
008 - FIXED-LENGTH DATA ELEMENTS--GENERAL INFORMATION
fixed length control field 250418b |||||||| |||| 00| 0 eng d
020 ## - INTERNATIONAL STANDARD BOOK NUMBER
International Standard Book Number 9788196192600
040 ## - CATALOGING SOURCE
Original cataloging agency SDCL
Transcribing agency SDCL
041 ## - LANGUAGE CODE
Source of code eng
Language code of text/sound track or separate title eng
084 ## - COLON CLASSIFICATION NUMBER
Classification number V2y7M91:g(Y5927) R3
100 ## - MAIN ENTRY--PERSONAL NAME
Personal name Bhasin, Debashish
9 (RLIN) 752440
245 ## - TITLE STATEMENT
Title Ambedkar schedule caste and Indian politics
260 ## - PUBLICATION, DISTRIBUTION, ETC.
Place of publication, distribution, etc. Delhi :
Name of publisher, distributor, etc. Peridot Literary Books,
Date of publication, distribution, etc. 2023.
300 ## - PHYSICAL DESCRIPTION
Extent vi,312p.
650 ## - SUBJECT ADDED ENTRY--TOPICAL TERM
Topical term or geographic name entry element Caste
650 ## - SUBJECT ADDED ENTRY--TOPICAL TERM
Topical term or geographic name entry element Politics
9 (RLIN) 265771
700 ## - ADDED ENTRY--PERSONAL NAME
Personal name Adapa, Chitragandha
9 (RLIN) 752441
942 ## - ADDED ENTRY ELEMENTS (KOHA)
Source of classification or shelving scheme Colon Classification (CC)
Koha item type Textual
Suppress in OPAC No
Holdings
Withdrawn status Lost status Source of classification or shelving scheme Damaged status Not for loan Home library Current library Date acquired Source of acquisition Inventory number Total Checkouts Full call number Barcode Date last seen Date last checked out Price effective from Koha item type
    Colon Classification (CC)     South Campus Library South Campus Library 2025-04-18 Better Book Service 85, 11/12/2024, INR 1950.00 1 V2y7M91:g(Y5927) R3 SC1690759 2026-03-12 2026-02-26 2025-04-18 Textual
Copyright @ Delhi University Library System